01233nam a2200313 a 4500001001200000003000800012006001900020007001500039008004100054020001800095020002700113040002100140035002100161043001200182050002900194245008000223246003400303260004300337300001600380490003400396533015200430650004600582650005000628650005200678655002900730710001700759856012600776999001700902ebr10690511CaPaEBRm u cr cn|||||||||130506s2013 dcu ss 000 0 eng d z9780821397855 z9780821397862 (e-book) aCaPaEBRcCaPaEBR a(OCoLC)846951297 af------14aHQ1240.5.A35bL58 2013eb04aThe little data book on gender in Africah[electronic resource] :b2012/13.30aData book on gender in Africa aWashington, D.C. :bWorld Bank,c2013. avii, 115 p.0 aAfrica development indicators aElectronic reproduction.bPalo Alto, Calif. :cebrary,d2013.nAvailable via World Wide Web.nAccess may be limited to ebrary affiliated libraries. 0aWomen in developmentzAfricavStatistics. 0aWomenzAfricaxSocial conditionsvStatistics. 0aWomenzAfricaxEconomic conditionsvStatistics. 7aElectronic books.2local2 aebrary, Inc.40uhttp://site.ebrary.com/lib/rucke/Doc?id=10690511zAn electronic book accessible through the World Wide Web; click to view c26582d26582